000 00692nam a2200289Ia 4500
005 20260324145908.0
008 008 260324s9999 xx 000 0 eng d
020 _a9780429056659
037 _aEBOOK
040 _aCRL
040 _beng
040 _cCRL
041 _2eng
041 _aeng
084 _qCRL
100 _aVern L. Bullough; Bonnie Bullough
_91212190
245 0 _aSin, Sickness and Sanity
245 2 _bA History of Sexual Attitudes
260 _bTaylor and Francis
260 _c1977
365 _a
365 _b180
856 _uhttp://www.taylorfrancis.com/books/9780429056659
942 _cEBOOK
999 _c1833114
_d1833114